<?xml version="1.0" encoding="UTF-8"?>
<record
    xmlns:xsi="http://www.w3.org/2001/XMLSchema-instance"
    xsi:schemaLocation="http://www.loc.gov/MARC21/slim http://www.loc.gov/standards/marcxml/schema/MARC21slim.xsd"
    xmlns="http://www.loc.gov/MARC21/slim">

  <leader>03187nam a2200565Ia 4500</leader>
  <controlfield tag="001">852</controlfield>
  <controlfield tag="008">241029s9999    xx            000 0 und d</controlfield>
  <datafield tag="010" ind1=" " ind2=" ">
    <subfield code="a">775</subfield>
  </datafield>
  <datafield tag="041" ind1=" " ind2=" ">
    <subfield code="a">Espa&#xF1;ol</subfield>
  </datafield>
  <datafield tag="082" ind1=" " ind2=" ">
    <subfield code="a">F.L.E ED 2010 257</subfield>
  </datafield>
  <datafield tag="245" ind1=" " ind2="0">
    <subfield code="a">Nivel de comprensi&#xF3;n oral del idioma ingl&#xE9;s en los estudiantes del 4to. Grado Nivel B&#xE1;sico del Programa de Educaci&#xF3;n Biling&#xFC;e de la Escuela P&#xFA;blica ``Palacio Escolar Espa&#xF1;a`` a&#xF1;o 2007-2008</subfield>
  </datafield>
  <datafield tag="260" ind1=" " ind2=" ">
    <subfield code="a">Santo Domingo</subfield>
  </datafield>
  <datafield tag="300" ind1=" " ind2=" ">
    <subfield code="a">74</subfield>
  </datafield>
  <datafield tag="520" ind1=" " ind2=" ">
    <subfield code="a">20</subfield>
  </datafield>
  <datafield tag="630" ind1=" " ind2=" ">
    <subfield code="a">Competencia Ling&#xFC;&#xED;stica</subfield>
  </datafield>
  <datafield tag="630" ind1=" " ind2=" ">
    <subfield code="a">Estudiantes</subfield>
  </datafield>
  <datafield tag="630" ind1=" " ind2=" ">
    <subfield code="a">Programa de Estudios</subfield>
  </datafield>
  <datafield tag="650" ind1=" " ind2=" ">
    <subfield code="a">Lenguas Extranjeras</subfield>
  </datafield>
  <datafield tag="690" ind1=" " ind2=" ">
    <subfield code="a">Elaborado</subfield>
  </datafield>
  <datafield tag="700" ind1=" " ind2=" ">
    <subfield code="e">asesor</subfield>
    <subfield code="a">Mari&#xF1;ez , Miguel</subfield>
  </datafield>
  <datafield tag="700" ind1=" " ind2=" ">
    <subfield code="e">autor</subfield>
    <subfield code="a">Polanco Abreu, Lidia</subfield>
  </datafield>
  <datafield tag="700" ind1=" " ind2=" ">
    <subfield code="e">autor</subfield>
    <subfield code="a">Polanco Cortorreal , Margarita</subfield>
  </datafield>
  <datafield tag="700" ind1=" " ind2=" ">
    <subfield code="e">asesor</subfield>
    <subfield code="a">Acosta, Francisco</subfield>
  </datafield>
  <datafield tag="901" ind1=" " ind2=" ">
    <subfield code="a">{"1":"Polanco Abreu","2":"Polanco Cortorreal "}</subfield>
    <subfield code="b">{"1":"Lidia","2":"Margarita"}</subfield>
  </datafield>
  <datafield tag="902" ind1=" " ind2=" ">
    <subfield code="a">2</subfield>
  </datafield>
  <datafield tag="903" ind1=" " ind2=" ">
    <subfield code="a">{"1":"Acosta","2":"Mari&#xF1;ez "}</subfield>
    <subfield code="b">{"1":"Francisco","2":"Miguel"}</subfield>
  </datafield>
  <datafield tag="904" ind1=" " ind2=" ">
    <subfield code="a">Mag&#xED;ster en</subfield>
  </datafield>
  <datafield tag="905" ind1=" " ind2=" ">
    <subfield code="a">Educaci&#xF3;n Biling&#xFC;e</subfield>
  </datafield>
  <datafield tag="906" ind1=" " ind2=" ">
    <subfield code="a">2</subfield>
  </datafield>
  <datafield tag="907" ind1=" " ind2=" ">
    <subfield code="a">NO APLICA</subfield>
  </datafield>
  <datafield tag="908" ind1=" " ind2=" ">
    <subfield code="a">NO APLICA</subfield>
  </datafield>
  <datafield tag="909" ind1=" " ind2=" ">
    <subfield code="a">Universidad Aut&#xF3;noma de Santo Domingo (UASD)</subfield>
  </datafield>
  <datafield tag="910" ind1=" " ind2=" ">
    <subfield code="a">NULL</subfield>
    <subfield code="b">NULL</subfield>
  </datafield>
  <datafield tag="911" ind1=" " ind2=" ">
    <subfield code="a">["1"]</subfield>
  </datafield>
  <datafield tag="912" ind1=" " ind2=" ">
    <subfield code="a">NO APLICA</subfield>
  </datafield>
  <datafield tag="913" ind1=" " ind2=" ">
    <subfield code="a">NULL</subfield>
  </datafield>
  <datafield tag="914" ind1=" " ind2=" ">
    <subfield code="a">11 de Enero de 2010</subfield>
  </datafield>
  <datafield tag="915" ind1=" " ind2=" ">
    <subfield code="a">26/09/14 12:09</subfield>
  </datafield>
  <datafield tag="916" ind1=" " ind2=" ">
    <subfield code="a">NULL</subfield>
  </datafield>
  <datafield tag="917" ind1=" " ind2=" ">
    <subfield code="a">NULL</subfield>
  </datafield>
  <datafield tag="918" ind1=" " ind2=" ">
    <subfield code="a">NO APLICA</subfield>
  </datafield>
  <datafield tag="919" ind1=" " ind2=" ">
    <subfield code="a">["37","96","168"]</subfield>
  </datafield>
  <datafield tag="520" ind1=" " ind2=" ">
    <subfield code="a">El prop&#xF3;sito principal de este estudio consisti&#xF3; en determinar el nivel de comprensi&#xF3;n oral del idioma ingles en el 4to. grado del Nivel B&#xE1;sico de los Estudiantes del programa de Educaci&#xF3;n Biling&#xFC;e en la Escuela P&#xFA;blica ``Palacio Escolar Espa&#xF1;a`` Periodo Escolar 2007-2008. El estudio correspondi&#xF3; a un dise&#xF1;o descriptivo no experimental, transeccional. Para la obtenci&#xF3;n de las informaciones se utiliz&#xF3; la encuesta por muestreo. &#xA0;El universo estuvo integrado por 35 estudiantes de la Escuela Palacio Escolar Espa&#xF1;a. De este universo se tom&#xF3; una muestra de 15 estudiantes, una profesora y la directora del programa.&#xA0;El estudio concluye que se verifica la aplicaci&#xF3;n del programa de Educaci&#xF3;n Biling&#xFC;e en las Escuelas P&#xFA;blicas, ha influenciado en el aprendizaje del idioma ingles en los estudiantes de la Escuela Publica Palacio Escolar Espa&#xF1;a. Se constat&#xF3; que menos de la media est&#xE1; desarrollando sus niveles de comprensi&#xF3;n oral en el ingl&#xE9;s, mientras que la media de la poblaci&#xF3;n puede entender cuando se le habla o se le da mandatos, sin poder emitir conceptos, es decir, que se encuentran todav&#xED;a en un periodo de silencio.El estudio recomienda, concientizar a los docentes de la importancia del desarrollo de la comprensi&#xF3;n oral en los niveles iniciales del estudiante. Es necesario que en este aspecto. La profesora este clara de su rol como maestra, bas&#xE1;ndose en las instrucciones que plantea Krashen sobre la motivaci&#xF3;n que debe introducir al momento de incorporar un texto que vaya de acorde con el nivel de los estudiantes.&#xA0;</subfield>
  </datafield>
  <datafield tag="921" ind1=" " ind2=" ">
    <subfield code="a">2</subfield>
  </datafield>
  <datafield tag="922" ind1=" " ind2=" ">
    <subfield code="a">2</subfield>
  </datafield>
  <datafield tag="923" ind1=" " ind2=" ">
    <subfield code="a">0</subfield>
  </datafield>
  <datafield tag="924" ind1=" " ind2=" ">
    <subfield code="a">NO APLICA</subfield>
  </datafield>
  <datafield tag="942" ind1=" " ind2=" ">
    <subfield code="c">Tesis</subfield>
  </datafield>
  <datafield tag="999" ind1=" " ind2=" ">
    <subfield code="c">775</subfield>
    <subfield code="d">775</subfield>
  </datafield>
</record>
